00630nam a2200181Ia 450000500170000000800410001702000180005804000180007604100080009408200230010210000230012524500730014825000120022126000660023330000250029965000700032465000540039420220218100124.0210716s2014 xx 000 0 und d a9780070264847 cAIMIT LIBRARY aeng a658.8102 21bWILG aWilliams, Glynn C. aImplementing sap erp sales and distribution /cBy Glynn C. Williams. a1st ed. aNew Delhi :bTata McGraw Hill Publishing Company Ltd ,c2014. aXiv, 513p. ;c24 cm. aCredit management receivanle risk management blocks and calendars aAvailable to promise and transfer of requirements